000 00539nam a2200241 a 4500
001 nice12345678
003 IN_TiNIC
005 20260116011725.0
008 050524s1967 lona grp 000 0 eng
020 _a
_c100
082 0 0 _a226.7
_bLEW
100 _aLewis, C S
245 _aMiracles.
260 _aLondon
_bFontana Books
_c1967
300 _a187p
500 _aincludes index and biblioraphy
505 2 _aIndex
650 _aBible-Miracles
700 1 _aLewis, C S
902 _bRBA
942 _cBK
999 _c3543
_d3543